Empty space(എംറ്റി സ്‌പെയ്‌സ്): (Record no. 115690)

MARC details
000 -LEADER
fixed length control field 00717nam a22001937a 4500
005 - DATE AND TIME OF LATEST TRANSACTION
control field 20260330105629.0
008 - FIXED-LENGTH DATA ELEMENTS--GENERAL INFORMATION
fixed length control field 260309b |||||||| |||| 00| 0 eng d
020 ## - INTERNATIONAL STANDARD BOOK NUMBER
International Standard Book Number 9789355939869
080 ## - UNIVERSAL DECIMAL CLASSIFICATION NUMBER
Universal Decimal Classification number 92(PRA)=M
Item number DEE/E
100 ## - MAIN ENTRY--PERSONAL NAME
Personal name Deedi Damodaran
245 ## - TITLE STATEMENT
Title Empty space(എംറ്റി സ്‌പെയ്‌സ്):
Remainder of title Baashpeekruthayude aaramviral(ബാഷ്‌പീകൃതയുടെ ആറാംവിരൽ)
250 ## - EDITION STATEMENT
Edition statement 6th
260 ## - PUBLICATION, DISTRIBUTION, ETC. (IMPRINT)
Name of publisher, distributor, etc Book worm.
Place of publication, distribution, etc Thrissur.
Date of publication, distribution, etc 2026.
300 ## - PHYSICAL DESCRIPTION
Extent 112p.; 47p.
500 ## - GENERAL NOTE
General note Empty space:Baashpeekruthayude aaramviral written by Deedi Damodaran and Echmukkutty.
653 ## - INDEX TERM--UNCONTROLLED
Uncontrolled term Biography-Prameela Nair-Malayalam Literature
700 ## - ADDED ENTRY--PERSONAL NAME
Personal name Echmukkutty
942 ## - ADDED ENTRY ELEMENTS (KOHA)
item type Under processing
Holdings
Lost status Source of classification or shelving scheme Not for loan Home library Current library Date acquired Cost, normal purchase price Total Checkouts Full call number Barcode Date last seen Price effective from Koha item type
  Universal Decimal Classification   University Library University Library 09/03/2026 250.00   92(PRA)=M DEE/E G0011579 09/03/2026 09/03/2026 Books
University Library, CUSAT